000 00338nam a2200145Ia 4500
100 _aAICTE
942 _cBK
654 _aComputers
245 _aExploring the Internet C-NO :600
260 _bContinuing Education Programmer AICTE
_aBangalore
_c1996
082 _a5.71
_bAICTE
300 _a30
546 _aENGLISH
999 _c33308
_d33308